Economic statecraft /

Bibliographic Details
Main Author: Baldwin, David A. (David Allen), 1936-
Format: Book
Language:English
Published: Princeton, N.J. : Princeton University Press, [1985]
Subjects:

MARC

Tag First Indicator Second Indicator Subfields
LEADER 00000pam a2200000 a 4500
001 in00000404521
005 20151012050229.0
008 850502s1985 nju b 00110 eng
010 |a  85042672  
020 |a 0691076871 (alk. paper) :  |c $55.00 
020 |a 0691101752 (pbk.) :  |c $14.50 
035 |a (OCoLC)12108200 
035 |9 ABS9056AM 
039 0 |a 2  |b 3  |c 3  |d 3  |e 3 
040 |a DLC  |c DLC  |d TXA  |d UtOrBLW 
049 |a TXAM  |c [A08685843] 
050 0 0 |a HF1411  |b .B2327 1985 
082 0 |a 337  |2 19 
100 1 |a Baldwin, David A.  |q (David Allen),  |d 1936- 
245 1 0 |a Economic statecraft /  |c David A. Baldwin. 
264 1 |a Princeton, N.J. :  |b Princeton University Press,  |c [1985] 
264 4 |c ©1985 
300 |a xiv, 409 pages ;  |c 25 cm. 
336 |a text  |b txt  |2 rdacontent 
337 |a unmediated  |b n  |2 rdamedia 
338 |a volume  |b nc  |2 rdacarrier 
504 |a Bibliography: pages [375]-400. 
500 |a Includes index. 
536 |a Dr. Paul P. Van Riper Collection Department of Political Science. 
650 0 |a International economic relations. 
650 0 |a International relations. 
999 |a MARS 
999 f f |s 5bda3e62-54fd-3868-8d3d-5a6cf9b32616  |i 2932df8c-cf62-335e-adbb-2145172c6a90  |t 0 
952 f f |p normal  |a Texas A&M University  |b College Station  |c Sterling C. Evans Library  |d Evans: Library Stacks  |t 0  |e HF1411 .B2327 1985  |h Library of Congress classification  |i unmediated -- volume  |m A14808685843 
998 f f |a HF1411 .B2327 1985  |t 0  |l Evans: Library Stacks